Curso de filosofía del derecho

Kaydedildi:
Detaylı Bibliyografya
Yazar: Ugarte Godoy, José Joaquín (Yazar)
Materyal Türü: Kitap
Dil:İspanyolca
Baskı/Yayın Bilgisi: Santiago Universidad Católica de Chile 2010
Edisyon:1a. ed
Konular:
Etiketler: Etiketle
Etiket eklenmemiş, İlk siz ekleyin!

MARC

LEADER 00000nam a2200000 a 4500
001 UCG4221
003 CL-VaPUC
008 101021e20100700CL |||||||||||||||||spa|d
020 |a 9789561411197 
082 0 4 |a 340.1  |b UGA  |2 21 
100 0 |a Ugarte Godoy, José Joaquín  |e author  |9 553564 
245 1 0 |a Curso de filosofía del derecho 
250 |a 1a. ed 
300 |a t 
942 |c BK 
945 |d 20101021 00:00:00  |a mfarfan 
260 |a Santiago  |b Universidad Católica de Chile  |c 2010 
650 7 |a DERECHO  |2 CL-VaPUC  |9 553565 
650 0 |a Historia  |9 255047 
650 0 |a Filosofía del derecho   |9 255050 
583 |a last modification  |c 20101021 00:00:00  |k Rodrigo Vera 
999 |c 343056  |d 343054 
952 |0 0  |1 0  |4 0  |6 340_100000000000000_UGA_2010  |7 0  |8 A  |9 439986  |a BIBDER  |b BIBDER  |d 2019-11-22  |h t.1  |i 4727096  |o 340.1 UGA 2010  |p 4727096  |r 2023-01-25  |w 2019-11-22  |y BK  |k DER 
952 |0 0  |1 0  |4 0  |6 340_100000000000000_UGA_2010  |7 0  |8 DER_TF  |9 439987  |a BIBDER  |b BIBDER  |d 2019-11-22  |h t.1  |i 4735315  |o 340.1 UGA 2010  |p 4735315  |r 2019-11-22  |w 2019-11-22  |x Ubicación 4to Piso  |y BK  |z Estos recursos deben solicitarse con anticipación  |k DER